000 00627nam a2200217Ia 4500
005 20241129105800.0
008 241129s9999||||xx |||||||||||||| ||und||
020 _a978-81-955555-6-7
037 _aTB
040 _aARTS
_beng
_cARTS
041 _aeng
_2eng
084 _aR631 R2
_qARTS
100 _aKeith A. Berriedale Au.; Kumar S. Vijay Ed.
_9724714
245 0 _aSamkhya system
_cKeith A. Berriedale Au.; Kumar S. Vijay Ed.
260 _aVaranasi, India
_bPrachya Vidya Bhawan
_c2018
300 _a142p.
365 _aINR
_b700
650 _aPhilosophy
942 _cTB
_hR631 R2
999 _c1225910
_d1225910